000 00441nam a2200157Ia 4500
008 240729s9999 xx 000 0 und d
022 _a1547-500X
245 0 _aJournal of Educators Online
260 _aUnited States
260 _bJournal of Educators Online
650 _a Theory and practice of education
650 _aEducation
856 _uhttps://doaj.org/toc/d84cd12d9a1b4de4bb8cb8dad98caa85
942 _2ddc
942 _cDOAJEJ
999 _c68314
_d68314
945 _a1
_bMadushi Gamage
_c1
_dMadushi Gamage